000 00490nam a22001455i 4500
001 171829
003 ES-MaACL
005 20230906214736.0
008 090602s1917 sp |||| | spa d
100 1 _aSolórzano Acosta, J.
_9140451
245 1 3 _aEl comercio exterior argentino y el intercambio con España
_b: estudio estadístico 1916 /
_cJ. Solórzano Acosta.
260 _aMadrid :
_b[s.n.],
_c1917 (
_fImp. Excelsior)
852 _aES-MaACL
_j1559-F-21
852 _aES-MaACL
_j1494-F-14
999 _c171829
_d171829